书目信息 |
| 题名: |
Pro/ENGINEER Wildfire(野火版)实用培训教程
|
|
| 作者: | 张胜兰 , 赵景山 , 付勇智 编著 | |
| 分册: | ||
| 出版信息: | 北京 清华大学出版社 2004.8 |
|
| 页数: | 414页 | |
| 开本: | 26cm | |
| 丛书名: | 实用培训教程系列 | |
| 单 册: | ||
| 中图分类: | TH122 | |
| 科图分类: | ||
| 主题词: | 计算机辅助设计--ji suan ji fu zhu she ji--机械设计--应用软件 , 计算机辅助设计--ji suan ji fu zhu she ji , 机械设计--ji xie she ji , 应用软件--ying yong ruan jian | |
| 电子资源: | ||
| ISBN: | 7-302-09268-0 | |
| 000 | 01446cam2 2200337 450 | |
| 001 | 012005045346 | |
| 005 | 20051110101010.1 | |
| 010 | @a7-302-09268-0@dCNY38.00 | |
| 100 | @a20050716d2004 em y0chiy0121 ea | |
| 101 | 0 | @achi |
| 102 | @aCN@b110000 | |
| 105 | @afk z 000yy | |
| 200 | 1 | @aPro/ENGINEER Wildfire(野火版)实用培训教程@APro/ENGINEER Wildfire( ye huo ban ) shi yong pei xun jiao cheng@f张胜兰,赵景山,付勇智编著 |
| 210 | @a北京@c清华大学出版社@d2004.8 | |
| 215 | @a414页@c图@d26cm | |
| 225 | 2 | @a实用培训教程系列@Ashi yong pei xun jiao cheng xi lie |
| 330 | @a本书详细介绍了Pro/ENGINEER Wildfire的三维设计功能及其使用环境,主要内容包括系统基础、草绘环境、特征建模、特征的修改与操作、装配建模、工程图、参数关系的应用等。本书附录提供了环境客户化方法及配置文件范例。 | |
| 461 | 0 | @12001 @a实用培训教程系列 |
| 517 | 1 | @aPro/ENGINEER Wildfire野火版实用培训教程@APro/ENGINEER Wildfire ye huo ban shi yong pei xun jiao cheng |
| 606 | 0 | @a计算机辅助设计@Aji suan ji fu zhu she ji@x机械设计@x应用软件 |
| 606 | 0 | @a计算机辅助设计@Aji suan ji fu zhu she ji |
| 606 | 0 | @a机械设计@Aji xie she ji |
| 606 | 0 | @a应用软件@Aying yong ruan jian |
| 610 | 0 | @aPro/ENGINEER Wildfire |
| 690 | @aTH122@v4 | |
| 701 | 0 | @a张胜兰@Azhang sheng lan@4编著 |
| 701 | 0 | @a赵景山@Azhao jing shan@4编著 |
| 701 | 0 | @a付勇智@Afu yong zhi@4编著 |
| 801 | 0 | @aCN@bSRXX@c20050308 |
| 801 | 2 | @aCN@bSRXX@c20051110 |
| 905 | @a10447@dTH122@eZ160 | |
| Pro/ENGINEER Wildfire(野火版)实用培训教程/张胜兰,赵景山,付勇智编著.-北京:清华大学出版社,2004.8 |
| 414页:图;26cm.-(实用培训教程系列) |
| ISBN 7-302-09268-0:CNY38.00 |
| 本书详细介绍了Pro/ENGINEER Wildfire的三维设计功能及其使用环境,主要内容包括系统基础、草绘环境、特征建模、特征的修改与操作、装配建模、工程图、参数关系的应用等。本书附录提供了环境客户化方法及配置文件范例。 |
| ● |
| 相关链接 |
|
|
|
正题名:Pro/ENGINEER Wildfire(野火版)实用培训教
索取号:TH122/Z160
 
预约/预借
| 序号 | 登录号 | 条形码 | 馆藏地/架位号 | 状态 | 备注 |
| 1 | 544852 | 205448522 | 自科库501/ [索取号:TH122/Z160] | 在馆 | |
| 2 | 544853 | 205448531 | 期刊室512/501自科库 34排2列5层/ [索取号:TH122/Z160] | 在馆 | |
| 3 | 544854 | 205448540 | 自科库501/501自科库 34排2列5层/ [索取号:TH122/Z160] | 在馆 |